K.R. Ramamani: (Record no. 203017)

MARC details
000 -LEADER
fixed length control field 00644nam a22001817a 4500
005 - DATE AND TIME OF LATEST TRANSACTION
control field 20240520131559.0
010 ## - LCCN (DPL NO)
LC control number ENG-140380
020 ## - INTERNATIONAL STANDARD BOOK NUMBER
Terms of availability 450.00
International Standard Book Number 9789351045601
035 ## - SYSTEM CONTROL NUMBER
System control number EN-123912
037 ## - SOURCE OF ACQUISITION
Source of stock number/acquisition DBAD/PUB
082 ## - DEWEY DECIMAL CLASSIFICATION NUMBER
Classification number 920
245 ## - TITLE STATEMENT
Title K.R. Ramamani:
Statement of responsibility, etc Edited by Mr. Vikram Vijayaragavan
Remainder of title Remembrance Of A Tax Legend/
260 ## - PUBLICATION, DISTRIBUTION, ETC. (IMPRINT)
Place of publication, distribution, etc Chennai
Name of publisher, distributor, etc Subbaraya Aiyar, Padmanabhan And Ramamani Advocates
270 ## - ADDRESS
Address Subbaraya Aiyar, Padmanabhan And Ramamani Advocates New No. 75A(Old no. 105A) Dr. Radhakrishna Salai, Mylapore,
City Chennai
300 ## - PHYSICAL DESCRIPTION
Extent 575p.
Dimensions 25cm(Hb)
700 ## - ADDED ENTRY--PERSONAL NAME
9 (RLIN) 66432
942 ## - ADDED ENTRY ELEMENTS (KOHA)
Source of classification or shelving scheme Dewey Decimal Classification
Item type English Books
Call number suffix VIK
Classification part 920
Holdings
Withdrawn status Lost status Not for loan Collection code Home library Current library Date acquired Source of acquisition Cost, normal purchase price Full call number Barcode Copy number Cost, replacement price Koha item type
      Non-fiction Central Jail Tihar Central Jail Tihar 20/05/2024 DBAD 450.00 VIK 920 EN-123912 1 450.00 English Books

© Delhi Public Library
Hit Counter
free hit counter